000 00463nam a2200193Ia 4500
008 101110s9999 xx 000 0 und d
041 _aENGLISH
082 _bSR12948
_a658.02
100 _aNorthcode, Rustomji
245 _aRealities in Management
365 _b22.5
520 _aCommerce
546 _aENGLISH
630 _aRealities in Management
650 _aCommerce
655 _aCommerce
730 _aRealities in Management
942 _cBOOK
999 _c807264
_d807261